| 000 | 00456nam a2200157 a 4500 | ||
|---|---|---|---|
| 005 | 20140412111405.0 | ||
| 008 | 070328s19uu xx 00 eng d | ||
| 020 | _a0-07-602740-6 | ||
| 050 |
_aTR(GS 372.4 _bB35 2005 |
||
| 100 | _aBereiter , Carl | ||
| 245 |
_aSRA Open Court Reading Level 1 Unit 4 : _bOur neighborhood at home / _cCarl Bereiter. |
||
| 260 |
_aColumbus, Ohio : _bMc Grawhill, _c2005. |
||
| 300 | _a113 | ||
| 440 | _aSRA | ||
| 999 |
_c105530 _d105530 |
||